LEADER 02264oam 2200505I 450 001 9910162773503321 005 20240508092259.0 010 $a1-4822-5680-0 010 $a1-315-38236-9 010 $a1-315-36326-7 024 7 $a10.1201/9781315382364 035 $a(CKB)3710000001044799 035 $a(MiAaPQ)EBC5475894 035 $a(MiAaPQ)EBC5267302 035 $a(OCoLC)971887976 035 $a(Au-PeEL)EBL5267302 035 $a(CaONFJC)MIL990147 035 $a(OCoLC)1024263588 035 $a(EXLCZ)993710000001044799 100 $a20180331h20162016 uy 0 101 0 $aeng 135 $aurcnu|||||||| 181 $ctxt$2rdacontent 182 $cc$2rdamedia 183 $acr$2rdacarrier 200 00$aCosmetic medicine and surgery /$fedited by Pierre Andre?, MD, Paris Universite? Laser Skin Clinic, Paris [and three others] 205 $a1st ed. 210 1$aBoca Raton :$cCRC Press,$d[2016] 210 4$dİ2016 215 $a1 online resource (xiii, 808 pages) $cillustrations 311 08$a1-4822-0809-1 320 $aIncludes bibliographical references and index. 327 $aPart I. Fundamental aspects -- Part II. Cosmetic aspects -- Part III. Minimally invasive surgery -- Part IV. The aesthetic facelift -- Part V. Other aspects. 330 $aAesthetic rejuvenation now encompasses so many topics that practitioners in one area may feel out of touch with developments in other areas in the same field. With over 70 chapters, over 1200 figures (many in full color), over 80 tables, and over 20 videos, from an international list of contributors, under an eminent team of editors, Cosmetic Medicine & Surgery is a comprehensive and authoritative resource. It covers a wide spectrum of topics including the fundamental aspects, cosmetic aspects, minimally invasive surgery, the aesthetic facelift, and many others in this most high-profile of medical and surgical specialties. 517 3 $aCosmetic medicine and surgery 606 $aSurgery, Plastic 615 0$aSurgery, Plastic. 676 $a617.9/52 702 $aAndre?$b Pierre$cMD, 801 0$bFlBoTFG 801 1$bFlBoTFG 906 $aBOOK 912 $a9910162773503321 996 $aCosmetic medicine and surgery$92180507 997 $aUNINA